000 00697nab a22002297a 4500
001 19597
003 HDC
007 cr bn ---aaaaa
008 210128c20091230my ||||o |||| 00| 00eng d
040 _aHDC
245 0 _aManila, Kuwait hold trade dialogue
336 _atext
_2rdacontent
337 _acomputer
_2rdamedia
338 _aonline resource
_2rdacarrier
650 _aHalal industry
_9144
650 _aTrade
_94755
710 _aDagangHalal.com
856 _zRequest full-text at [email protected]
942 _2lcc
942 _cNEWS
942 _kNWSO 007740
999 _c16913
_d16913